1528 1639 1405 1140 1593 1589 1142 1972 1812 1257 1996 1480 1064 1700 1466 1098 1177 1924 1393 1940 1843 1247 1256 1011 1248 1001 1424 1077 1195 1925 1857 1655 1759 1616 1643 1138 1084 1471 1606 1409 1752 1098 1892 1664 1954 1748 1611 1845 1982 1522 1015 1109 1047 1440 1062 1507 1259 1990 1782 1238 1242 1546 1389 1222 1851 1995 1405 1966 1684 1105 1254 1561 1217 1665 1204 1734 1891 1299 1669 1650 1265 1386 1748 1122 1758 1178 1840 1526 1289 1055 1095 1940 1067 1265 1759 1256 1561 1694 1994 BCNSPRNW ULIB Ver.6.0+V

เปลี่ยนเป็นภาษาไทย

Change to English
 แสดงรายละเอียดบรรณานุกรม
  กลับหน้าหลัก

Brief Record : Get Marc (ISO 2709) : E-mail record : QR code < ปิดหน้าต่าง
LEADER : 00000nam 2200000uu 4500
001    13399111609
003     ULIB
008    110704s2550||||th 000 0 tha d
020    9789747878219
060 04 QV55^bศ322ค 2550
100 0  ศักดิ์ บวร
245 10 คู่มือใช้ยา: คู่มืออ้างอิงความรู้เรื่องยาที่พลาดไม่ได้ /^cศักดิ์บวร, เรียบเรียง
250    พิมพ์ครั้งที่ 5
260    กรุงเทพฯ :^bสมิต,^c2550
300    143 หน้า :^bภาพประกอบ
650  7 การใช้ยา
945    ^p90^l0^i14117
945    ^p90^l0^i14116
995     กัณชพร
999    ^aใช้งานได้ทุกระบบ
รายการนี้ยังไม่มีแท็ก
คุณยังไม่ได้ล็อกอิน คุณสามารถมีกิจกรรมร่วมกับเว็บไซต์ได้ แต่ต้องล็อกอินก่อน ::
  ล็อกอิน

รายการสื่อสารสนเทศ

ลำดับที่ ประเภท เลขเรียก/บาร์โค้ด สถานที่ สถานะ
- ไม่พบข้อมูล -

รายการใกล้เคียง
    ผู้แต่ง [ศักดิ์ บวร]

    หัวเรื่อง [การใช้ยา]

BibComment


ยังไม่เคยถูกคอมเมนท์

คอมเมนท์ทรัพยากรรายการนี้
  คอมเมนท์: คู่มือใช้ยา คู่มื..


 Copyright 2026. Bcnsprnw @Library